Statistiques concernant Quiz sur la Normandie

Cliquez ici pour prendre le quiz!

Statistiques générales

  • Ce quiz a été pris 773 fois
  • Le résultat moyen est 12 sur 20

Statistiques - réponses

QuestionRéponse% Correct
Quel mer borde la Normandie ?Manche
96%
Combien y a-il de département normands ?5
95%
Quelle est le chef-lieu de la Normandie ?Rouen
91%
Quel alcool normand porte aussi le nom d'un département ?Calvados
90%
Quelle est la ville la plus peuplée de Normandie ?Le Havre
90%
Quel fromage normand est le plus vendu en France ?Camembert
85%
Dans quelle ville Jeanne d'Arc fut exécutée sur le bucher en 1431 ?Rouen
82%
Dans quelle station balnéaire se déroule le Festival du cinéma américain ?Deauville
76%
Quel personnage historique a construit un château à Caen ?Guillaume le Conquérant
60%
Quelle ville,chef-lieu de la Manche possède,un des plus grands haras de France ?Saint-Lô
59%
Quel président de la Ve République est né en Normandie ?François Hollande
58%
Quel animal retrouve-t-on sur le drapeau normand ?Léopard
52%
Quelle ville dont Bernard Cazeneuve a été maire est réputée pour son importante activité portuaire ?Cherbourg-en-Cotentin
51%
Quel célèbre dramaturge normand a écrit Le Cid ?Pierre Corneille
51%
Quel célèbre auteur normand a écrit Madame Bovary ?Gustave Flaubert
48%
Dans quelle commune normande Claude Monet a peint ses fameux nénuphars ?Giverny
37%
Qui préside le conseil régional de Normandie ?Hervé Morin
29%
Dans quelle ville les Canadiens ont tenté un débarquement en 1942 ?Dieppe
23%
Quel chef viking a fondé la Normandie en 911 ?Rollon
23%
Quel architecte a conçu les plans de la reconstruction du Havre après la guerre ?Auguste Perret
15%

Distribution des résultats

Percentile par nombre de réponses

% des personnes avec chaque résultat

Votre développement - résultats

Vous n’avez pas pris ce quiz